Hoàn thiện pháp luật về đặc xá ở Việt Nam : ( sách chuyên khảo )

Cuốn sách gồm những vấn đề lý luận về đặc xá và pháp luật về đặc xá. Thực trạng pháp luật và công tác đặc xá từ năm 1945 đến nay. Một số giải pháp góp phần hoàn thiện pháp luật về đặc xá và nâng cao hiệu quả công tác đặc xá....

詳細記述

保存先:
書誌詳細
第一著者: Nguyễn, Ngọc Anh
フォーマット: 図書
言語:Undetermined
出版事項: Hà Nội Tư Pháp 2007
主題:
タグ: タグ追加
タグなし, このレコードへの初めてのタグを付けませんか!
Thư viện lưu trữ: Trung tâm Học liệu Trường Đại học Cần Thơ
LEADER 01132nam a2200241Ia 4500
001 CTU_157513
008 210402s9999 xx 000 0 und d
020 |c 25000 
082 |a 345.597077 
082 |b A107 
100 |a Nguyễn, Ngọc Anh 
245 0 |a Hoàn thiện pháp luật về đặc xá ở Việt Nam : 
245 0 |b ( sách chuyên khảo ) 
245 0 |c Nguyễn Ngọc Anh 
260 |a Hà Nội 
260 |b Tư Pháp 
260 |c 2007 
520 |a Cuốn sách gồm những vấn đề lý luận về đặc xá và pháp luật về đặc xá. Thực trạng pháp luật và công tác đặc xá từ năm 1945 đến nay. Một số giải pháp góp phần hoàn thiện pháp luật về đặc xá và nâng cao hiệu quả công tác đặc xá. 
650 |a Amnesty,Ân xá 
650 |x Law and legislation,Luật và văn bản quy phạm pháp luật 
650 |z Vietnam,Việt Nam 
904 |i Anh Tho,QHieu 
980 |a Trung tâm Học liệu Trường Đại học Cần Thơ